| 000 | 00647 a2200193 4500 | ||
|---|---|---|---|
| 999 |
_c5854 _d5854 |
||
| 010 | _aENG-86981 | ||
| 020 |
_a0195685857 _c350.00 |
||
| 035 | _aEN-70514 | ||
| 037 | _bDBAD / PUB | ||
| 082 | 1 | 4 | _aS |
| 245 | 1 |
_aThree sides of life : _cby Ashapurna Devi...[et al.] ;edited by Saumitra Chakravarty _bshort stories by Bengali women writers / |
|
| 260 |
_aNew Delhi _bOxford University Press _c2007 |
||
| 270 |
_aY.M.C.A . Library building, Jai Singh Road, _bNew Delhi _e110 001 |
||
| 300 |
_axxxvi, 195 p _c21 cm (Hb) |
||
| 500 | _aIncludes glossary | ||
| 700 | 1 | _aAshapurna Devi | |
| 700 | 1 | _aChakravarty, Saumitra | |
| 942 |
_adpl _cEN _2ddc _hS _mTHE |
||